Jasbir Kaur Kahlon v Andrew Isherwood (Record no. 83327)

MARC details
000 -LEADER
fixed length control field 01198cab a22002055a 4500
001 - CONTROL NUMBER
control field E153587
008 - FIXED-LENGTH DATA ELEMENTS--GENERAL INFORMATION
fixed length control field 110808e20110519xxk 000 0 eng d
035 ## - SYSTEM CONTROL NUMBER
System control number (Sirsi) u153587
041 0# - LANGUAGE CODE
Language code of text/sound track or separate title eng
245 00 - TITLE STATEMENT
Title Jasbir Kaur Kahlon v Andrew Isherwood
Medium [electronic resource]
260 ## - PUBLICATION, DISTRIBUTION, ETC.
Date of publication, distribution, etc. 2011
520 ## - SUMMARY, ETC.
Summary, etc. [2011] EWCA Civ 602, 19 May 2011. Relates to an appeal by I against an order for possession made against him in the County Court. I had lived in the property since 1994: the respondent, K was the freehold owner. The claim for possession was made due to arrears of rent. I counterclaimed that the repairing covenants had been breached. "Held": the appeal was allowed and the claim for possession was set aside. The case was remitted to the County Court to reconsider the claim for possession on the basis of it being an assured rather than and assured shorthold tenancy.
590 ## - LOCAL NOTE (RLIN)
Local note KA
650 24 - SUBJECT ADDED ENTRY--TOPICAL TERM
Topical term or geographic name entry element KAHLON V ISHERWOOD
650 24 - SUBJECT ADDED ENTRY--TOPICAL TERM
Topical term or geographic name entry element HOUSING ACT 1988
651 #4 - SUBJECT ADDED ENTRY--GEOGRAPHIC NAME
Geographic name England and Wales
Chronological subdivision 1543-
690 ## - LOCAL SUBJECT ADDED ENTRY--TOPICAL TERM (OCLC, RLIN)
Topical term or geographic name as entry element PROPERTY-LEASEHOLD PROPERTY-LANDLORD AND TENANT
856 40 - ELECTRONIC LOCATION AND ACCESS
Uniform Resource Identifier <a href="https://www.bailii.org/ew/cases/EWCA/Civ/2011/602.html">https://www.bailii.org/ew/cases/EWCA/Civ/2011/602.html</a>
Public note View the judgement free of charge at www.bailii.org
942 ## - ADDED ENTRY ELEMENTS (KOHA)
Suppress in OPAC 0
Holdings
Withdrawn status Lost status Source of classification or shelving scheme Damaged status Not for loan Home library Current library Shelving location Date acquired Total Checkouts Full call number Barcode Date last seen Copy number Price effective from Koha item type
    Dewey Decimal Classification     Virtual Virtual Online 08/08/2011   ONLINE PUBLICATION 153587-1001 06/08/2019 1 06/08/2019 Law report